Online
Catalog
Normal view MARC view

Entry Nombre de reunión

Number of records used in: 6

001 - NÚMERO DE CONTROL

  • campo de control: 77442

003 - IDENTIFICADOR DEL NÚMERO DE CONTROL

  • campo de control: OSt

005 - FECHA Y HORA DE LA ÚLTIMA TRANSACCIÓN

  • campo de control: 20201126141602.0

008 - DATOS DE LONGITUD FIJA

  • campo de control de longitud fija: 201126|| aca||aabn | a|a d

040 ## - FUENTE DE LA CATALOGACIÓN

  • Centro catalogador/agencia de origen: OSt
  • Centro/agencia transcriptor: OSt

111 ## - ENCABEZAMIENTO--NOMBRE DE CONGRESO/REUNIÓN

  • Nombre de congreso/reunión o jurisdicción como elemento de entrada: Seminario Internacional "Los Signos de los Nuevos Tiempos y los Procesos de Integración en Centroamérica y el Caribe"
  • Sede del congreso/Lugar de la reunión: Santo Domingo, República Dominicana)
  • Fecha del congreso/reunión: del 19 al 21 de octubre de 2015
  • Número del congreso/reunión o número de parte o sección: (1o.

670 ## - FUENTE DE DATOS ENCONTRADOS

  • Cita de la fuente: Work cat.: (OSt): Seminario Internacional "Los Signos de los Nuevos Tiempos y los Procesos de Integración en Centroamérica y el Caribe" Santo Domingo, República Dominicana) del 19 al 21 de octubre de 2015 (1o. :, Memorias del I Seminario Internacional "Los signos de los nuevos tiempos y los procesos actuales de integración en Centroamérica y el Caribe", 2016.

Powered by Koha